000
00344 a2200157 4500
001
185962
020
_a
84-207-3855-7
040
_c
Magnum
100
_a
Ray, Helene
240
1
0
_a
El primer dia de clase
_l
por
245
1
0
_a
El primer dia de clase
300
_a
362
0
_a
1993
697
_a
LITERATURA INFANTIL ESPANHOLA
942
_c
BK
999
_c
185962
_d
185962